|
|
|
|
| LEADER |
00000cam a2200000 a 4500 |
| 001 |
vtls008376434 |
| 003 |
SK-MaSNL |
| 005 |
20260302015009.0 |
| 008 |
230403s1948 xo f 000 0 lat |
| 015 |
|
|
|a SNBA19451955-004618
|
| 035 |
|
|
|a SK01SNKBKSFS20010068651
|
| 035 |
|
|
|a urn:nbn:sk:snk-am3hx92
|
| 035 |
|
|
|a 11B9D914-6593-4AF4-91D0-E7C56FCED949
|
| 035 |
|
|
|a urn:nbn:sk:snk-am00dc89
|
| 035 |
|
|
|a SKM000071114
|
| 040 |
|
|
|a SNK
|b slo
|c SNK
|e AACR2
|
| 041 |
0 |
|
|a lat
|
| 044 |
|
|
|a xo
|c SK
|
| 080 |
|
|
|a 272/273
|2 2001
|
| 080 |
|
|
|a 26-447.7
|2 2001
|
| 080 |
|
|
|a 27-447.7
|2 2001
|
| 100 |
1 |
|
|a Jantausch, Pavol,
|d 1870-1947
|4 aut
|9 168346
|
| 245 |
1 |
0 |
|a De momento et influxu status coelibis respectu habito ad quaestiones sociales nostri aevi
|c thesis academica auctore Pavol Jantausch
|
| 260 |
|
|
|a Trnava
|b Spolok sv. Vojtecha
|c 1948
|e Trnava
|f Spolok Sv. Vojtecha
|
| 300 |
|
|
|a 58, [3] s.
|c 8°
|
| 500 |
|
|
|a Frontispice
|
| 504 |
|
|
|a Obsahuje bibliografické odkazy
|
| 610 |
2 |
7 |
|a Katolícka cirkev
|2 SNKKA
|9 206702
|
| 650 |
0 |
7 |
|a celibát
|2 SNKPH
|9 1921
|
| 650 |
0 |
7 |
|a cirkev a spoločnosť
|2 SNKPH
|9 356940
|
| 655 |
|
7 |
|a štúdie
|2 SNKPH
|9 57033
|
| 700 |
1 |
|
|a Lazík, Ambróz,
|d 1897-1969
|4 aui
|9 40390
|
| 852 |
|
|
|a Slovenská národná knižnica
|
| 954 |
|
|
|a odborná, vedecká literatúra cudzojazyčná (svetová)
|2 lita
|
| 958 |
|
|
|a RK
|
| 958 |
|
|
|a TL
|
| 958 |
|
|
|a OND
|
| 958 |
|
|
|a EUIPO
|
| 999 |
|
|
|c 1019213
|d 1021143
|
| 952 |
|
|
|a SNK
|b SNK
|y VYP
|7 0
|p 17A0603081
|o snkSD 6237 D1
|i snkKSF 630/57
|8 5
|0 0
|1 0
|4 0
|d 2008-10-22
|l 0
|r 2026-02-24 13:19:12
|w 2026-02-24
|
| 952 |
|
|
|a SNK
|b SNK
|y PREZ
|7 0
|p 17A0225452
|o snkSD 6237
|i snk4647/49
|0 0
|1 0
|4 0
|d 2008-10-22
|f 1
|l 0
|r 2025-11-14 00:00:00
|w 2026-02-24
|